Process systems analysis and control (Record no. 13575)

000 -LEADER
fixed length control field 00578nam a22002051 4500
001 - CONTROL NUMBER
control field 13575
003 - CONTROL NUMBER IDENTIFIER
control field BD-DhUET
008 - FIXED-LENGTH DATA ELEMENTS--GENERAL INFORMATION
fixed length control field 730306s1965 nyua b 000 0 eng
040 ## - CATALOGING SOURCE
Original cataloging agency DLC
Transcribing agency DLC
Modifying agency BD-DhUET
082 ## - DEWEY DECIMAL CLASSIFICATION NUMBER
Classification number 660.284
Item number COU/1965
100 1# - MAIN ENTRY--PERSONAL NAME
Personal name Coughanowr, Donald R.
245 10 - TITLE STATEMENT
Title Process systems analysis and control
250 ## - EDITION STATEMENT
Edition statement 1st ed.
260 ## - PUBLICATION, DISTRIBUTION, ETC. (IMPRINT)
Place of publication, distribution, etc. New York
Name of publisher, distributor, etc. McGraw-Hill
Date of publication, distribution, etc. 1965
300 ## - PHYSICAL DESCRIPTION
Extent xii, 491 p.
Other physical details ill.
Dimensions 21 cm.
490 ## - SERIES STATEMENT
Series statement McGraw-Hill chemical engineering series
650 #0 - SUBJECT ADDED ENTRY--TOPICAL TERM
Topical term or geographic name as entry element Control devices process engineering
700 ## - ADDED ENTRY--PERSONAL NAME
Personal name Koppel, Lowell B.
942 ## - ADDED ENTRY ELEMENTS (KOHA)
Koha item type General Book
Holdings
Piece designation (barcode) Koha date last borrowed Copy number Price effective from Date acquired Lost status Koha item type Location (home branch) Not for loan Withdrawn status Damaged status Source of classification or shelving scheme Sublocation or collection (holding branch) Koha issues (times borrowed) Koha normalized classification for sorting Koha date last seen Shelving location Koha full call number
29699 12015-03-032015-03-03 General BookCentral Library, BUET    Central Library, BUET 660_284000000000000_COU_19652015-03-03Circulation section660.284/COU/1965
296892017-05-0922015-03-032015-03-03 General BookCentral Library, BUET    Central Library, BUET1660_284000000000000_COU_19652017-05-09Circulation section660.284/COU/1965
29697 32015-03-032015-03-03 General BookCentral Library, BUET    Central Library, BUET 660_284000000000000_COU_19652015-03-03Circulation section660.284/COU/1965
29692 42015-03-032015-03-03 General BookCentral Library, BUET    Central Library, BUET 660_284000000000000_COU_19652015-03-03Circulation section660.284/COU/1965
29698 52015-03-032015-03-03 General BookCentral Library, BUET    Central Library, BUET 660_284000000000000_COU_19652015-03-03Circulation section660.284/COU/1965
29690 62015-03-032015-03-03 General BookCentral Library, BUET    Central Library, BUET 660_284000000000000_COU_19652015-03-03Circulation section660.284/COU/1965
29688 72015-03-032015-03-03 General BookCentral Library, BUET    Central Library, BUET 660_284000000000000_COU_19652015-03-03Cataloging to Circulation660.284/COU/1965
34519 82015-03-042015-03-04 General BookCentral Library, BUET    Central Library, BUET 660_284000000000000_COU_19652015-03-04Circulation section660.284/COU/1965
29694 92015-05-112015-05-11 General BookCentral Library, BUET    Central Library, BUET 660_284000000000000_COU_19652015-05-11Circulation section660.284/COU/1965
29696 102015-05-112015-05-11 General BookCentral Library, BUET    Central Library, BUET 660_284000000000000_COU_19652015-05-11Circulation section660.284/COU/1965
29695 112015-05-132015-05-13 General BookCentral Library, BUET    Central Library, BUET 660_284000000000000_COU_19652015-05-13Circulation section660.284/COU/1965
17869 122015-05-142015-05-14 General BookCentral Library, BUET    Central Library, BUET 660_284000000000000_COU_19652015-05-14Circulation section660.284/COU/1965
15822 132015-05-182015-05-18 General BookCentral Library, BUET    Central Library, BUET 660_284000000000000_COU_19652015-05-18Circulation section660.284/COU/1965
29700 142015-06-202015-06-20 General BookCentral Library, BUET    Central Library, BUET 660_284000000000000_COU_19652015-06-20Reading section660.284/COU/1965
29701 152015-06-202015-06-20 General BookCentral Library, BUET    Central Library, BUET 660_284000000000000_COU_19652015-06-20Reading section660.284/COU/1965
16716 162015-07-102015-07-10 General BookCentral Library, BUET    Central Library, BUET 660_284000000000000_COU_19652015-07-10Circulation section660.284/COU/1965